00794nam a22002177a 450000500170000001000140001702000270003103500130005803700130007108200140008410000260009824500980012425000110022226000420023327000740027530000290034950000190037894200360039799900170043395201260045020100726155155.0 aENG-96896 a9788175348349c1450.00 aEN-80429 bDBAD/PUB a343.54071 aBarowalia, J.N.91559 aCommentary on the consumer protection act /cby J.N. Barowalia; foreword by Justice M.B. Shah a4th ed aDelhibUniversal Law Publishingc2010 aC-FF-1A, Dilkhush Industrial Estate, G.T. Karnal Road,bDelhie110033 axciv, 1454p.c25cm, (Hb) aincludes index 2ddccENe4th edh343.54071mBAR c37785d37785 001040718NFICaDBADbLd2010-07-26eDBAD/PUBg1450.00l0o343.54071 BARpEN-80429r2010-07-26 00:00:00t1v1450.00yEN